000 01037nam a2200253Ia 4500
008 130821s2009 xxu gr eng
020 _a9780761930112
020 _a9780761930129
040 _aCo-BoUCM
_bspa
041 0 0 _aeng
100 1 _aTeddlie, Charles
_974293
245 1 0 _aFoundations of mixed methods research integrating quantitative and qualitative approaches in the social and behavioral sciences
_cCharles Teddlie, Abbas Tashakkori
260 _aThousand Oaks (California, Estados Unidos)
_bSage Publications
_c2009
300 _aviii, 387 páginas
504 _aIncluye referencias bibliográficas e índice.
650 0 4 _aCiencias sociales
_xInvestigaciones
_933592
650 0 4 _aCiencias sociales
_xMetodología
_932387
650 0 4 _aInvestigación
_917968
650 0 4 _aSociología
_9386
700 1 _aTashakkori, Abbas
_9137977
856 4 2 _zTabla de Contenido
_uhttp://www.loc.gov/catdir/toc/ecip0813/2008011833.html
942 _cLIBRO
_a5
_e1
_mT256f
_2DEWEY
_h301.072
999 _c64026
_d64026